Taylor Swift - I Can Fix Him (No Really I Can) Lyrics - Statistics

General Stats
  • This quiz has been taken 136 times
    135 since last reset
  • The average score is 197 of 236
Answer Stats
Answer % Correct
can
100%
can)
100%
fix
100%
him
100%
I
100%
(I
100%
no
100%
No
100%
(No
100%
really
100%
a
97%
A
97%
he
97%
He
97%
The
97%
the
97%
to
97%
you
95%
When
93%
your
93%
But
92%
can't
92%
her"
92%
he's
92%
man
92%
man)
92%
my
90%
They
90%
an
88%
and
88%
And
88%
"God
88%
good
88%
Good
88%
help
88%
tell
88%
their
88%
doesn't
87%
'em
87%
finger
87%
lift
87%
need
87%
sayin'
87%
heads
85%
shake
85%
that
85%
his
83%
His
83%
Lord
83%
maybe
83%
On
83%
on
83%
me
82%
only
82%
too
82%
told
80%
be
78%
hand
78%
handle
77%
that's
77%
Were
77%
dangerous
75%
had
75%
if
75%
it
75%
so
75%
boy
73%
from
73%
just
73%
all
72%
hadn't
72%
I'll
72%
jokes
72%
loud
72%
met
72%
yet
72%
bar
70%
could
70%
far
70%
Like
70%
right
70%
see
70%
smoke
70%
Texas
70%
you'll
70%
highway
68%
mile
68%
of
68%
out
68%
through
68%
angel
67%
away
67%
for
67%
night
67%
revolting
67%
show
67%
town
67%
face
65%
Heaven
65%
mouth
65%
six
65%
small
65%
train
65%
across
63%
cloud
63%
didn't
63%
Trust
63%
come
62%
highest
60%
shook
60%
Woah
60%
halo
58%
lane
58%
perfect
58%
set
58%
pistol
57%
close
55%
skill
55%
traces
55%
billows
53%
case
53%
freight
53%
calloused
52%
grade
52%
hearts
52%
certain
48%
dopamine
48%
brain
47%
Softly
47%
races
43%
No matching quizzes found
Score Distribution
Percent of People with Each Score
Percentile by Number Answered
Your Score History
You have not taken this quiz since the last reset